| 000 | 00548nam a22001937a 4500 | ||
|---|---|---|---|
| 003 | KOHA_MİRAKIL | ||
| 005 | 20251224120759.0 | ||
| 008 | 251224b tu ||||| |||| 00| 0 tur d | ||
| 020 | _a9786051967059 | ||
| 040 |
_aTR-AnABB _btur _cTR-AnABB |
||
| 041 | _atur | ||
| 082 |
_a613.0434 _bOGU 2021 |
||
| 100 | 1 | _aOğurtan, Semin Güler, | |
| 245 | 1 | 0 |
_aYaşlı ile yaşlanmak / _cSemin Güler Oğurtan |
| 260 |
_aİstanbul : _bÇizgi Kitabevi Yayınları, _c2021 |
||
| 300 |
_a184 sayfa ; _c22 cm |
||
| 650 | 0 | 4 | _aYaşam |
| 942 |
_2ddc _cBK |
||
| 999 |
_c9904 _d9904 |
||
| 900 | _bGizem YORULMAZ | ||